000 01288nam a2200385Ia 4500
001 dia_6541
003 CHAP
005 20251023171250.0
008 220117s1999 xx 000 0 und d
010 _a177654
020 _a84-200-0877-X \ 978-84-200-0877-6
040 _cCHAP
082 _a641.1 E44 1999
245 _aElementos de bromatología descriptiva /
_c Günter Vollmer...[et al.] ; traducción María Marcela González Gross
260 _aEspaña :
_b Acribia,
_c1999
300 _axxviii, 644 p.
500 _aTítulo original: Lebensmittelfuhrer
503 _aC.
504 _aBibliografía: p. 611-623
590 _aTX531 E44 1999
650 _aAlimentos
_xAnálisis
_94164
650 _aAlimentos
_xCalidad
650 _aAlimentos
_xComposición
_9147780
650 _aContaminación alimentaria
_xAlemania
_9161750
650 _aFood contamination
_xGermany
_9161751
650 _aFood
_xAnalysis
_9147009
650 _aFood
_xComposition
_9147782
650 _aFood
_xQuality
_9161752
700 _aGonzález Gross, María Marcela, tr.
_9161753
700 _aVollmer, Günter, coaut.
_9161754
901 _a641.1 E44 1999
902 _aA
905 _a5232271999 sp amn 8222223322spa16
942 _cLIBRO
_2ddc
999 _c177654
_d177654